| 000 | 00885cam a22002774a 4500 | ||
|---|---|---|---|
| 003 | UPN | ||
| 005 | 20240229063544.0 | ||
| 008 | 090218s2006 ag a r 000 f spa d | ||
| 020 | _a9870405711 (10 dígitos) | ||
| 020 | _a9789870405719 (13 dígitos) | ||
| 035 | _aUPN01000169573 | ||
| 040 |
_aUPN _bspa _cUPN |
||
| 049 | _aI | ||
| 050 | 4 |
_aPQ7798.28 O37 _bA64 |
|
| 100 | 1 |
_aRodrigues Gesualdi, Carlos, _d1959- _946468 |
|
| 245 | 1 | 3 |
_aEl ángel de Cristina / _cCarlos Rodrigues Gesualdi ; ilustraciones de Roberto Cubillas. |
| 250 | _aPrimera edición | ||
| 260 |
_aBuenos Aires : _bAlfaguara, _c2006. |
||
| 300 |
_a266 páginas : _bilustraciones |
||
| 490 | 0 | _aAlfaguara infantil | |
| 650 | 4 |
_aLiteratura infantil argentina _97511 |
|
| 700 | 1 |
_aCubillas, Roberto, _d1968- _eilustrador _946397 |
|
| 902 | _bCarolina Alvarado/260922/M | ||
| 905 | _aLibro | ||
| 942 |
_2lcc _cLIBRO |
||
| 999 |
_c141679 _d141679 |
||